Die Theorie der Gruppen von endlicher Ordnung : mit Anwendungen auf algebraische Zahlen und Gleichungen sowie auf die Krystallographie /

Guardado en:
Autor Principal: Speiser, Andreas.
Formato: Libro
Idioma:German
Publicado: Basel : Birkhäuser, 1956.
Edición:4., erw. und berichtigte Aufl.
Series:Lehrbücher und Monographien aus dem Gebiete der exakten Wissenschaften. Mathematische Reihe ; Bd. 22
Etiquetas: Agregar Etiqueta
Sin Etiquetas, Sea el primero en etiquetar este registro!
LEADER 00742nam a22001815a 4500
001 MAT.inmabb000692
008 031118s1956####sz############001#0#ger#d
005 20130326114441.0
245 1 4 |a Die Theorie der Gruppen von endlicher Ordnung :  |b mit Anwendungen auf algebraische Zahlen und Gleichungen sowie auf die Krystallographie /  |c von Andreas Speiser. 
250 |a 4., erw. und berichtigte Aufl. 
260 |a Basel :  |b Birkhäuser,  |c 1956. 
300 |a xi, 271 p. ;  |c cm. 
440 0 |a Lehrbücher und Monographien aus dem Gebiete der exakten Wissenschaften.  |p Mathematische Reihe ;  |v Bd. 22 
510 4 |a MR,  |c 18,109c 
100 1 |a Speiser, Andreas. 
246 1 8 |a Gruppentheorie 
084 |a 20-02 (20Dxx)  |2 msc2000 
859 |h 20  |i Sp742  |p A-493  |b BIB. MATEMATICA